[Event "Montreal Mercredi 05"]
[Site "Montreal CAN"]
[Date "2011.06.01"]
[Round "3"]
[White "Brassard, Sylvain"]
[Black "Soskic, Radmilo"]
[Result "1/2-1/2"]
[WhiteElo "1831"]
[BlackElo "1738"]
[PlyCount "137"]
[GameId "2160767909704446"]
[EventDate "2011.05.18"]
[EventType "swiss"]
[EventRounds "5"]
[EventCountry "CAN"]
[SourceTitle "EXT 2022"]
[Source "ChessBase"]
[SourceDate "2021.10.06"]
[SourceVersion "1"]
[SourceVersionDate "2021.10.06"]
[SourceQuality "1"]

1. d4 Nf6 2. Bg5 e6 3. c4 Bb4+ 4. Nc3 O-O 5. e3 h6 6. Bh4 d5 7. Nf3 Nbd7 8. Qb3 Bxc3+ 9. Qxc3 g5 10. Bg3 Ne4 11. Qc2 c6 12. Nd2 Qa5 13. Rd1 f5 14. f3 Nxd2 15. Rxd2 Nf6 16. Bd3 Bd7 17. O-O Be8 18. Bd6 Rf7 19. b4 Qd8 20. c5 Rg7 21. Be5 Bg6 22. g4 Qe7 23. gxf5 exf5 24. Bxf5 Bxf5 25. Qxf5 Rf8 26. Qd3 Qf7 27. Rdf2 Qh5 28. Qe2 Rg6 29. Kh1 Rf7 30. Rg2 Nd7 31. f4 g4 32. Rfg1 Nxe5 33. dxe5 Rfg7 34. Rg3 Qf5 35. Re1 h5 36. Rg2 Qe4 37. Qc2 Qf3 38. f5 Rg5 39. e4 dxe4 40. Qxe4 Rxf5 41. e6 Qxe4 42. Rxe4 Rf1+ 43. Rg1 Rxg1+ 44. Kxg1 Re7 45. Re5 Kf8 46. Kg2 h4 47. Re4 Rg7 48. h3 gxh3+ 49. Kxh3 Ke7 50. Kxh4 Rg6 51. a4 Rxe6 52. Rg4 Kf6 53. Rd4 Re7 54. Kg3 Kf5 55. Kf3 Rh7 56. Rf4+ Ke5 57. Rg4 a6 58. a5 Rh3+ 59. Ke2 Rh7 60. Kd3 Kf5 61. Rd4 Rg7 62. Kc4 Rg4 63. Rxg4 Kxg4 64. Kd3 Kf5 65. Kd4 Kf4 66. Kd3 Kf5 67. Kd4 Ke6 68. Ke4 Kf6 69. Kd4 1/2-1/2

[Event "Montreal Mercredi 05"]
[Site "Montreal CAN"]
[Date "2011.06.01"]
[Round "3"]
[White "Cardin, Guillaume"]
[Black "Pilotte, Benoit"]
[Result "1-0"]
[WhiteElo "1959"]
[BlackElo "1881"]
[PlyCount "65"]
[GameId "2160767909704447"]
[EventDate "2011.05.18"]
[EventType "swiss"]
[EventRounds "5"]
[EventCountry "CAN"]
[SourceTitle "EXT 2022"]
[Source "ChessBase"]
[SourceDate "2021.10.06"]
[SourceVersion "1"]
[SourceVersionDate "2021.10.06"]
[SourceQuality "1"]

1. e4 g6 2. d4 Bg7 3. Nc3 d6 4. Be3 a6 5. Qd2 h6 6. h4 b5 7. h5 b4 8. Nd5 c6 9. Nxb4 g5 10. O-O-O Qa5 11. Kb1 Nf6 12. Nd5 Qxd2 13. Nxf6+ Bxf6 14. Rxd2 Nd7 15. g3 c5 16. Ne2 Bb7 17. Nc3 cxd4 18. Bxd4 Ne5 19. Be2 g4 20. Nd5 Bg5 21. Rdd1 O-O 22. Bxe5 dxe5 23. Bxg4 e6 24. Nc3 f5 25. Bh3 Kf7 26. Rd7+ Kf6 27. Rxb7 Bd2 28. exf5 exf5 29. Rb6+ Kg7 30. Rg6+ Kh7 31. Nd5 Rfd8 32. Bxf5 Kh8 33. c4 1-0

[Event "Montreal Mercredi 05"]
[Site "Montreal CAN"]
[Date "2011.06.01"]
[Round "3"]
[White "Efpraxiadis, Jean"]
[Black "Sonn, Eric"]
[Result "1-0"]
[WhiteElo "1604"]
[BlackElo "1621"]
[PlyCount "43"]
[GameId "2160767909704448"]
[EventDate "2011.05.18"]
[EventType "swiss"]
[EventRounds "5"]
[EventCountry "CAN"]
[SourceTitle "EXT 2022"]
[Source "ChessBase"]
[SourceDate "2021.10.06"]
[SourceVersion "1"]
[SourceVersionDate "2021.10.06"]
[SourceQuality "1"]

1. e4 e6 2. b3 d5 3. Bb2 a6 4. exd5 exd5 5. Qe2+ Qe7 6. Nc3 Nf6 7. O-O-O Nc6 8. Re1 Qxe2 9. Ncxe2 Be6 10. Nf4 Kd7 11. Nxe6 fxe6 12. Nf3 Bd6 13. g3 Rae8 14. Bh3 Re7 15. Ng5 Rhe8 16. f4 h6 17. Nxe6 Rxe6 18. Rxe6 Rxe6 19. Re1 Nd8 20. d3 Ke7 21. Bxe6 Nxe6 22. f5 1-0

[Event "Montreal Mercredi 05"]
[Site "Montreal CAN"]
[Date "2011.06.01"]
[Round "3"]
[White "Frangulian, Eric"]
[Black "Gauthier, Luc"]
[Result "1-0"]
[WhiteElo "1667"]
[BlackElo "1717"]
[PlyCount "63"]
[GameId "2160767909704449"]
[EventDate "2011.05.18"]
[EventType "swiss"]
[EventRounds "5"]
[EventCountry "CAN"]
[SourceTitle "EXT 2022"]
[Source "ChessBase"]
[SourceDate "2021.10.06"]
[SourceVersion "1"]
[SourceVersionDate "2021.10.06"]
[SourceQuality "1"]

1. e4 e5 2. Nf3 d6 3. d4 exd4 4. Nxd4 Nf6 5. Nc3 Be7 6. Bc4 O-O 7. O-O Re8 8. Re1 Nc6 9. Nxc6 bxc6 10. Bb3 a5 11. Bf4 Bf8 12. e5 dxe5 13. Qxd8 Rxd8 14. Bxe5 Bd6 15. Bxf6 gxf6 16. Ne4 Kg7 17. Nxd6 cxd6 18. Re7 Rd7 19. Rae1 Raa7 20. Re8 Ba6 21. c3 Bb5 22. R1e3 f5 23. f4 Kf6 24. Bc2 Bc4 25. b3 Be6 26. Rh8 a4 27. Rxh7 axb3 28. Bxb3 Bxb3 29. axb3 Re7 30. Rh6+ Kg7 31. Rxe7 Rxe7 32. Rxd6 1-0

[Event "Montreal Mercredi 05"]
[Site "Montreal CAN"]
[Date "2011.06.01"]
[Round "3"]
[White "Lopez Linares, Lizandro"]
[Black "Morin, Louis"]
[Result "1-0"]
[WhiteElo "1943"]
[BlackElo "1906"]
[PlyCount "105"]
[GameId "2160767909704452"]
[EventDate "2011.05.18"]
[EventType "swiss"]
[EventRounds "5"]
[EventCountry "CAN"]
[SourceTitle "EXT 2022"]
[Source "ChessBase"]
[SourceDate "2021.10.06"]
[SourceVersion "1"]
[SourceVersionDate "2021.10.06"]
[SourceQuality "1"]

1. Nf3 d6 2. d4 Nd7 3. g3 e5 4. e4 Ngf6 5. Nc3 Be7 6. Bg2 O-O 7. O-O c6 8. h3 b5 9. Re1 a6 10. Nh4 Re8 11. Be3 c5 12. d5 b4 13. Ne2 Nxe4 14. Bxe4 Bxh4 15. gxh4 Qxh4 16. Ng3 Nf6 17. Qf3 Bxh3 18. Bf5 Bg4 19. Qh1 Qxh1+ 20. Kxh1 Bf3+ 21. Kg1 Nxd5 22. Be4 Bxe4 23. Nxe4 Nxe3 24. fxe3 Re6 25. Rad1 Rg6+ 26. Kf2 f5 27. Nxd6 Rd8 28. Nc4 Rxd1 29. Rxd1 e4 30. Rd8+ Kf7 31. Ne5+ Ke7 32. Nxg6+ Kxd8 33. Nf8 Ke7 34. Nxh7 Kf7 35. Kg3 g6 36. Kf4 Kg7 37. Ng5 Kf6 38. Nh3 c4 39. c3 a5 40. Ng5 a4 41. a3 bxc3 42. bxc3 Kg7 43. Ke5 Kh6 44. Nf7+ Kh5 45. Kf4 Kh4 46. Ne5 Kh3 47. Nxg6 Kg2 48. Kxf5 Kf3 49. Ke5 Kxe3 50. Nf4 Kd2 51. Kd4 Kc2 52. Kxc4 e3 53. Kb4 1-0

[Event "Montreal Mercredi 05"]
[Site "Montreal CAN"]
[Date "2011.06.01"]
[Round "3"]
[White "Plante, Michel"]
[Black "Pichardo, Agustin"]
[Result "0-1"]
[WhiteElo "2072"]
[BlackElo "2100"]
[PlyCount "48"]
[GameId "2160767909704453"]
[EventDate "2011.05.18"]
[EventType "swiss"]
[EventRounds "5"]
[EventCountry "CAN"]
[SourceTitle "EXT 2022"]
[Source "ChessBase"]
[SourceDate "2021.10.06"]
[SourceVersion "1"]
[SourceVersionDate "2021.10.06"]
[SourceQuality "1"]

1. d4 Nf6 2. Nc3 d5 3. Bg5 Bf5 4. f3 Nbd7 5. Nxd5 Nxd5 6. e4 f6 7. Bh4 e5 8. exf5 Bb4+ 9. c3 Nxc3 10. bxc3 Bxc3+ 11. Ke2 exd4 12. Kd3 Nc5+ 13. Kc2 Qd7 14. Rb1 Qa4+ 15. Kc1 Qa3+ 16. Kc2 Qxa2+ 17. Kc1 Qa3+ 18. Kc2 d3+ 19. Bxd3 O-O-O 20. Ne2 Nxd3 21. Nxc3 Nb4+ 22. Rxb4 Rxd1 23. Rxb7 Rxh1 24. Rxc7+ Kxc7 0-1

[Event "Montreal Mercredi 05"]
[Site "Montreal CAN"]
[Date "2011.06.01"]
[Round "3"]
[White "Sasseville, Jean"]
[Black "Dumont, Felix"]
[Result "0-1"]
[WhiteElo "1945"]
[BlackElo "2015"]
[PlyCount "54"]
[GameId "2160767909704454"]
[EventDate "2011.05.18"]
[EventType "swiss"]
[EventRounds "5"]
[EventCountry "CAN"]
[SourceTitle "EXT 2022"]
[Source "ChessBase"]
[SourceDate "2021.10.06"]
[SourceVersion "1"]
[SourceVersionDate "2021.10.06"]
[SourceQuality "1"]

1. Nf3 c5 2. c4 Nc6 3. d4 cxd4 4. Nxd4 e5 5. Nb5 a6 6. Nd6+ Bxd6 7. Qxd6 Qe7 8. Qd2 Nf6 9. Nc3 e4 10. b3 O-O 11. Bb2 Rd8 12. Nd5 Nxd5 13. cxd5 Ne5 14. Qd4 Re8 15. e3 f5 16. Be2 d6 17. O-O Bd7 18. Qb6 Rec8 19. Ba3 Rc2 20. Bd1 Rd2 21. Bb4 Rd3 22. Be2 Qg5 23. Qxd6 f4 24. Bxd3 f3 25. g3 Qg4 26. Rfd1 Nxd3 27. Kh1 Qh3 0-1

[Event "Montreal Mercredi 05"]
[Site "Montreal CAN"]
[Date "2011.06.01"]
[Round "3"]
[White "Tremblay, Alain"]
[Black "Gauthier, Denis"]
[Result "1-0"]
[WhiteElo "2092"]
[BlackElo "2112"]
[PlyCount "59"]
[GameId "2160767909704455"]
[EventDate "2011.05.18"]
[EventType "swiss"]
[EventRounds "5"]
[EventCountry "CAN"]
[SourceTitle "EXT 2022"]
[Source "ChessBase"]
[SourceDate "2021.10.06"]
[SourceVersion "1"]
[SourceVersionDate "2021.10.06"]
[SourceQuality "1"]

1. d4 Nf6 2. c4 e6 3. Nc3 Bb4 4. Qc2 O-O 5. a3 Bxc3+ 6. Qxc3 b5 7. cxb5 c6 8. f3 Bb7 9. Nh3 cxb5 10. e4 Nc6 11. Bg5 Rc8 12. Qd2 Qb6 13. Rd1 e5 14. dxe5 Nxe5 15. Be3 Qe6 16. Nf4 Qb3 17. Bd3 Nc4 18. Bxc4 Rxc4 19. Bd4 Rc2 20. Qd3 Qxd3 21. Rxd3 a5 22. O-O b4 23. Rfd1 Rfc8 24. axb4 axb4 25. Bxf6 gxf6 26. Rxd7 Bc6 27. R7d2 Ba4 28. Nd5 R2c4 29. Ra1 b3 30. Ne7+ 1-0

[Event "Montreal Mercredi 05"]
[Site "Montreal CAN"]
[Date "2011.06.08"]
[Round "4"]
[White "Beladel, Brahim"]
[Black "Frangulian, Eric"]
[Result "1-0"]
[WhiteElo "1684"]
[BlackElo "1667"]
[PlyCount "89"]
[GameId "2160767909704456"]
[EventDate "2011.05.18"]
[EventType "swiss"]
[EventRounds "5"]
[EventCountry "CAN"]
[SourceTitle "EXT 2022"]
[Source "ChessBase"]
[SourceDate "2021.10.06"]
[SourceVersion "1"]
[SourceVersionDate "2021.10.06"]
[SourceQuality "1"]

1. e4 e6 2. d4 d5 3. Nd2 dxe4 4. Nxe4 Nf6 5. Bd3 Nxe4 6. Bxe4 c5 7. Nf3 cxd4 8. Nxd4 Bc5 9. Be3 Qb6 10. O-O e5 11. Nf5 Bxf5 12. Bxc5 Qxc5 13. Bxf5 O-O 14. c3 Nc6 15. Qb3 b6 16. Rad1 Rad8 17. g3 g6 18. Be4 Kg7 19. Qa4 b5 20. Qa6 Ne7 21. Qa5 Qb6 22. Qxb6 axb6 23. Bc2 f5 24. Rxd8 Rxd8 25. Rd1 Rxd1+ 26. Bxd1 Nc8 27. Be2 Nd6 28. f3 Kf6 29. Kf2 Ke6 30. Ke3 Kd5 31. b3 h6 32. h3 g5 33. Bd3 f4+ 34. gxf4 gxf4+ 35. Ke2 Kc5 36. a3 Kd5 37. h4 Kc5 38. h5 Kd5 39. Bxb5 Nxb5 40. c4+ Kd4 41. cxb5 Kc3 42. a4 Kd4 43. Kd2 e4 44. fxe4 Kxe4 45. a5 1-0

[Event "Montreal Mercredi 05"]
[Site "Montreal CAN"]
[Date "2011.06.08"]
[Round "4"]
[White "Cardin, Guillaume"]
[Black "Sasseville, Jean"]
[Result "0-1"]
[WhiteElo "1959"]
[BlackElo "1945"]
[PlyCount "124"]
[GameId "2160767909704458"]
[EventDate "2011.05.18"]
[EventType "swiss"]
[EventRounds "5"]
[EventCountry "CAN"]
[SourceTitle "EXT 2022"]
[Source "ChessBase"]
[SourceDate "2021.10.06"]
[SourceVersion "1"]
[SourceVersionDate "2021.10.06"]
[SourceQuality "1"]

1. e4 c6 2. d4 d5 3. Nc3 dxe4 4. Nxe4 Bf5 5. Ng3 Bg6 6. h4 h6 7. Nf3 Nd7 8. h5 Bh7 9. Bd3 Bxd3 10. Qxd3 e6 11. Bf4 Qa5+ 12. Bd2 Bb4 13. c3 Be7 14. c4 Qc7 15. O-O-O Ngf6 16. Ne4 Nxe4 17. Qxe4 Nf6 18. Qe2 O-O 19. g4 Nxg4 20. Rdg1 f5 21. Qxe6+ Kh8 22. Ne5 Nxe5 23. dxe5 Rae8 24. Qg6 Bc5 25. Rg2 Qf7 26. Bc3 Qxg6 27. Rxg6 Bxf2 28. e6 Be3+ 29. Kc2 Re7 30. Re1 f4 31. Rxh6+ Kg8 32. Rg6 Kh7 33. Bd2 Bxd2 34. Kxd2 Rf5 35. Rg4 f3 36. Rge4 Rxh5 37. Ke3 Rf5 38. Rf1 Kg6 39. Rxf3 Rxf3+ 40. Kxf3 Kf6 41. c5 Rxe6 42. Rb4 Re7 43. Kf4 Rf7 44. a4 Ke6+ 45. Ke4 g5 46. Rb3 a5 47. Rg3 Rg7 48. Rg4 Rg6 49. Kd4 Kf5 50. Rg1 g4 51. Rf1+ Kg5 52. Ke5 g3 53. Rg1 Kg4 54. Ke4 Re6+ 55. Kd3 Re5 56. b3 Rxc5 57. Kd4 Rc2 58. Kd3 Rb2 59. Kc3 Rf2 60. Rd1 g2 61. Kc4 Rf1 62. Rd4+ Rf4 0-1

[Event "Montreal Mercredi 05"]
[Site "Montreal CAN"]
[Date "2011.06.08"]
[Round "4"]
[White "Dumont, Felix"]
[Black "Lopez Linares, Lizandro"]
[Result "0-1"]
[WhiteElo "2015"]
[BlackElo "1943"]
[PlyCount "96"]
[GameId "2160767909704460"]
[EventDate "2011.05.18"]
[EventType "swiss"]
[EventRounds "5"]
[EventCountry "CAN"]
[SourceTitle "EXT 2022"]
[Source "ChessBase"]
[SourceDate "2021.10.06"]
[SourceVersion "1"]
[SourceVersionDate "2021.10.06"]
[SourceQuality "1"]

1. e4 e6 2. d4 d5 3. Nc3 Nf6 4. e5 Nfd7 5. f4 c5 6. Nf3 Nc6 7. Be3 a6 8. Qd2 b5 9. a3 Qb6 10. Be2 cxd4 11. Nxd4 Bc5 12. Rd1 O-O 13. h4 f6 14. Bg4 Nxd4 15. Bxd4 fxe5 16. Bxc5 Nxc5 17. fxe5 b4 18. axb4 Qxb4 19. Qd4 a5 20. Rf1 Ba6 21. Rxf8+ Rxf8 22. Qxb4 axb4 23. Ne2 Bxe2 24. Bxe2 Rf4 25. g3 Re4 26. Kf2 Rxe5 27. Rd4 Re4 28. Rxe4 Nxe4+ 29. Kf3 Kf7 30. Bd3 Nf6 31. Kf4 Ke7 32. Ke5 h6 33. c3 bxc3 34. bxc3 Nd7+ 35. Kf4 Kf6 36. c4 Ne5 37. Be2 Nxc4 38. g4 g5+ 39. hxg5+ hxg5+ 40. Kg3 Ke5 41. Kf3 Kd4 42. Bd1 e5 43. Be2 e4+ 44. Kf2 Kc3 45. Ke1 d4 46. Bf1 Ne3 47. Bb5 d3 48. Ba4 Nxg4 0-1

[Event "Montreal Mercredi 05"]
[Site "Montreal CAN"]
[Date "2011.06.08"]
[Round "4"]
[White "Gauthier, Luc"]
[Black "Efpraxiadis, Jean"]
[Result "1-0"]
[WhiteElo "1717"]
[BlackElo "1604"]
[PlyCount "137"]
[GameId "2160767909704461"]
[EventDate "2011.05.18"]
[EventType "swiss"]
[EventRounds "5"]
[EventCountry "CAN"]
[SourceTitle "EXT 2022"]
[Source "ChessBase"]
[SourceDate "2021.10.06"]
[SourceVersion "1"]
[SourceVersionDate "2021.10.06"]
[SourceQuality "1"]

1. e4 d6 2. d4 Nf6 3. Nc3 e5 4. Nf3 Nbd7 5. Bc4 Be7 6. O-O O-O 7. a4 c6 8. h3 b6 9. Re1 a6 10. Bb3 Bb7 11. Bg5 Qc7 12. Qe2 h6 13. Bh4 b5 14. Rad1 b4 15. Nb1 exd4 16. Nxd4 Nd5 17. exd5 Bxh4 18. dxc6 Bxc6 19. Nf5 Bf6 20. Nxd6 Bxb2 21. Nxf7 Rxf7 22. Bxf7+ Kxf7 23. Qe7+ Kg8 24. Rd6 Bf6 25. Qe6+ Kh8 26. Rxc6 Qb7 27. Qe4 Ne5 28. Re6 Qb8 29. Rxe5 Bxe5 30. Qxe5 Qc8 31. Qe4 Rb8 32. Nd2 Qd7 33. Nf3 Qxa4 34. Ne5 Qa2 35. Ng6+ Kg8 36. Ne7+ Kh8 37. Qe5 Rd8 38. Ng6+ Kh7 39. Qf5 Kg8 40. Qe6+ Qxe6 41. Rxe6 Ra8 42. Rc6 a5 43. Ne7+ Kf7 44. Nd5 Rd8 45. Ne3 Ra8 46. Rb6 a4 47. Rxb4 a3 48. Rb1 a2 49. Ra1 Ke6 50. Kf1 Ke5 51. Ke2 Kd4 52. Kd2 Rf8 53. c3+ Ke4 54. Ke2 Ra8 55. Nc2 Rc8 56. Rxa2 Rxc3 57. Kd2 Rc6 58. Ra4+ Ke5 59. f4+ Kf6 60. Nd4 Rb6 61. Ke3 g5 62. f5 Rb1 63. Ra6+ Ke5 64. f6 Rb7 65. Re6+ Kd5 66. Re7 Rb1 67. Rd7+ Ke5 68. f7 Rb8 69. Nc6+ 1-0

[Event "Montreal Mercredi 05"]
[Site "Montreal CAN"]
[Date "2011.06.08"]
[Round "4"]
[White "Pichardo, Agustin"]
[Black "Gauthier, Denis"]
[Result "0-1"]
[WhiteElo "2100"]
[BlackElo "2112"]
[PlyCount "110"]
[GameId "2160767909704462"]
[EventDate "2011.05.18"]
[EventType "swiss"]
[EventRounds "5"]
[EventCountry "CAN"]
[SourceTitle "EXT 2022"]
[Source "ChessBase"]
[SourceDate "2021.10.06"]
[SourceVersion "1"]
[SourceVersionDate "2021.10.06"]
[SourceQuality "1"]

1. c4 e5 2. Nf3 Nc6 3. Nc3 Nf6 4. g3 Nd4 5. Bg2 Nxf3+ 6. Bxf3 Bb4 7. Qc2 O-O 8. O-O Re8 9. d3 h6 10. a3 Bxc3 11. Qxc3 d5 12. cxd5 Nxd5 13. Qc5 c6 14. b4 Bh3 15. Rd1 Qd7 16. Qc2 Qe7 17. b5 Bd7 18. Rb1 Rac8 19. Qd2 Qd6 20. b6 Nxb6 21. Qa5 e4 22. Bf4 Qd5 23. Qxd5 Nxd5 24. dxe4 Nc3 25. Rxb7 Nxd1 26. Rxd7 Nc3 27. Rxa7 Ra8 28. Rc7 Rec8 29. Re7 Rxa3 30. Bg4 Rd8 31. Rc7 Ra6 32. Bc8 Ra1+ 33. Kg2 Nxe2 34. Be5 Ra8 35. Bd7 Ra5 36. Bd6 Nd4 37. Be7 Rda8 38. Bb4 R5a7 39. Rxa7 Rxa7 40. Bg4 Ne6 41. Be2 c5 42. Bc3 Ra3 43. Be5 Nd4 44. Bc4 Ra4 45. Bd5 Ne6 46. f4 Nd4 47. h4 h5 48. f5 Rb4 49. Kf2 Rb2+ 50. Ke3 Re2+ 51. Kd3 Rg2 52. Ke3 Rb2 53. Kf4 Rb4 54. Bd6 Rb5 55. Kg5 Nc2 0-1

[Event "Montreal Mercredi 05"]
[Site "Montreal CAN"]
[Date "2011.06.08"]
[Round "4"]
[White "Pilotte, Benoit"]
[Black "Morin, Louis"]
[Result "1/2-1/2"]
[WhiteElo "1881"]
[BlackElo "1906"]
[PlyCount "77"]
[GameId "2160767909704463"]
[EventDate "2011.05.18"]
[EventType "swiss"]
[EventRounds "5"]
[EventCountry "CAN"]
[SourceTitle "EXT 2022"]
[Source "ChessBase"]
[SourceDate "2021.10.06"]
[SourceVersion "1"]
[SourceVersionDate "2021.10.06"]
[SourceQuality "1"]

1. f4 d6 2. b3 e5 3. fxe5 Nc6 4. Ba3 Nxe5 5. Nf3 Qe7 6. Nxe5 Qxe5 7. d4 Qh5 8. Qd3 Nf6 9. Nc3 Bd7 10. O-O-O O-O-O 11. e4 d5 12. Bxf8 dxe4 13. Nxe4 Nxe4 14. Qxe4 Rhxf8 15. h3 Rfe8 16. Qf4 Qf5 17. Qxf5 Bxf5 18. Bc4 Bg6 19. Rhf1 f6 20. Rfe1 c6 21. c3 Kc7 22. Kd2 Kd6 23. Re3 Rxe3 24. Kxe3 Re8+ 25. Kf2 b5 26. Bd3 Bxd3 27. Rxd3 Kd5 28. Rf3 Re6 29. Rf5+ Ke4 30. Rf3 f5 31. Re3+ Kd5 32. Rxe6 Kxe6 33. c4 g5 34. Kf3 b4 35. g4 f4 36. Ke4 Kd6 37. h4 h6 38. hxg5 hxg5 39. Kf3 1/2-1/2

[Event "Montreal Mercredi 05"]
[Site "Montreal CAN"]
[Date "2011.06.08"]
[Round "4"]
[White "Plante, Michel"]
[Black "Levkovsky, Alexandre"]
[Result "0-1"]
[WhiteElo "2072"]
[BlackElo "2241"]
[PlyCount "92"]
[GameId "2160767909704464"]
[EventDate "2011.05.18"]
[EventType "swiss"]
[EventRounds "5"]
[EventCountry "CAN"]
[SourceTitle "EXT 2022"]
[Source "ChessBase"]
[SourceDate "2021.10.06"]
[SourceVersion "1"]
[SourceVersionDate "2021.10.06"]
[SourceQuality "1"]

1. d4 Nf6 2. Nc3 d5 3. Bg5 h6 4. Bxf6 exf6 5. e3 Bb4 6. a3 Bxc3+ 7. bxc3 Be6 8. g3 c6 9. Bg2 O-O 10. Ne2 Re8 11. O-O Nd7 12. c4 dxc4 13. d5 cxd5 14. Bxd5 Bxd5 15. Nf4 Nc5 16. Qxd5 Qxd5 17. Nxd5 Rad8 18. Rfd1 Rd7 19. Rd4 Re4 20. Rad1 Rxd4 21. Rxd4 f5 22. a4 Kf8 23. a5 Ne6 24. Rd1 Nc7 25. Nc3 Rxd1+ 26. Nxd1 Nd5 27. Kf1 Ke7 28. Nb2 b5 29. axb6 Nxb6 30. Ke2 Kd6 31. Kd2 Kc5 32. c3 Nd7 33. h3 Nf6 34. f3 a5 35. g4 fxg4 36. hxg4 g6 37. Nd1 h5 38. g5 Nd7 39. Nf2 f5 40. gxf6 Nxf6 41. Nh3 Nh7 42. f4 g5 43. f5 Kd5 44. Nf2 Nf6 45. e4+ Ke5 46. Ke2 a4 0-1

[Event "Montreal Mercredi 05"]
[Site "Montreal CAN"]
[Date "2011.06.08"]
[Round "4"]
[White "Weston, Paul"]
[Black "Nardone, Raul"]
[Result "1/2-1/2"]
[WhiteElo "1870"]
[BlackElo "1777"]
[PlyCount "88"]
[GameId "2160767909704465"]
[EventDate "2011.05.18"]
[EventType "swiss"]
[EventRounds "5"]
[EventCountry "CAN"]
[SourceTitle "EXT 2022"]
[Source "ChessBase"]
[SourceDate "2021.10.06"]
[SourceVersion "1"]
[SourceVersionDate "2021.10.06"]
[SourceQuality "1"]

1. e4 c5 2. Nf3 Nc6 3. d4 cxd4 4. Nxd4 Nf6 5. Nc3 d6 6. Nxc6 bxc6 7. e5 dxe5 8. Qxd8+ Kxd8 9. Bc4 e6 10. Bg5 Be7 11. O-O Nd5 12. Bd2 f5 13. Na4 Ke8 14. Bb3 Kf7 15. Rae1 Ba6 16. c4 Bb4 17. Bxb4 Nxb4 18. Rxe5 Nd3 19. Re3 Nf4 20. g3 Nh3+ 21. Kg2 Ng5 22. Nc5 Bc8 23. h4 Ne4 24. Nxe4 fxe4 25. Rxe4 c5 26. Rd1 Ke7 27. f3 Rf8 28. Bc2 Bb7 29. Re3 Rad8 30. Rxd8 Rxd8 31. Kf2 Rd2+ 32. Re2 Rd4 33. b3 h6 34. Be4 Bc8 35. f4 Kf6 36. h5 a5 37. Ke3 Rd6 38. Rd2 Rxd2 39. Kxd2 e5 40. Ke3 Bg4 41. Bg6 Bd1 42. fxe5+ Kxe5 43. Be8 Bg4 44. Bg6 Bd1 1/2-1/2

[Event "Montreal Mercredi 05"]
[Site "Montreal CAN"]
[Date "2011.06.08"]
[Round "4"]
[White "Yu, Zong Yang"]
[Black "Sonn, Eric"]
[Result "1-0"]
[WhiteElo "1620"]
[BlackElo "1621"]
[PlyCount "67"]
[GameId "2160767909704466"]
[EventDate "2011.05.18"]
[EventType "swiss"]
[EventRounds "5"]
[EventCountry "CAN"]
[SourceTitle "EXT 2022"]
[Source "ChessBase"]
[SourceDate "2021.10.06"]
[SourceVersion "1"]
[SourceVersionDate "2021.10.06"]
[SourceQuality "1"]

1. d4 Nf6 2. c4 g6 3. Nc3 d5 4. Nf3 Bg7 5. g3 O-O 6. Bg2 dxc4 7. Ne5 Nbd7 8. Nxc4 c5 9. d5 Nb6 10. Na3 e6 11. dxe6 Qxd1+ 12. Nxd1 fxe6 13. O-O Nfd5 14. e4 Nb4 15. Bg5 Nd3 16. Rb1 e5 17. Nb5 Bd7 18. Ndc3 a6 19. Nd6 Rab8 20. Be7 Na4 21. Nxa4 Bxa4 22. Bxf8 Bxf8 23. Nc4 Bc2 24. Ra1 Ba4 25. b3 Bc6 26. Rfd1 Nb4 27. Nxe5 Be8 28. Nd7 Rc8 29. Nxf8 Kxf8 30. Rd2 Nc6 31. Rad1 Nd4 32. f4 a5 33. e5 Bd7 34. Bxb7 1-0

[Event "Montreal Mercredi 05"]
[Site "Montreal CAN"]
[Date "2011.06.06"]
[Round "5"]
[White "Morin, Louis"]
[Black "Dumont, Felix"]
[Result "0-1"]
[WhiteElo "1906"]
[BlackElo "2015"]
[PlyCount "114"]
[GameId "2160767909704467"]
[EventDate "2011.05.18"]
[EventType "swiss"]
[EventRounds "5"]
[EventCountry "CAN"]
[SourceTitle "EXT 2022"]
[Source "ChessBase"]
[SourceDate "2021.10.06"]
[SourceVersion "1"]
[SourceVersionDate "2021.10.06"]
[SourceQuality "1"]

1. e4 e5 2. Nf3 Nc6 3. Bc4 Bc5 4. Bxf7+ Kxf7 5. Nxe5+ Nxe5 6. Qh5+ Ke6 7. f4 d6 8. fxe5 dxe5 9. Qh3+ Kd6 10. Qd3+ Ke7 11. Qg3 Kf7 12. Qxe5 Qe7 13. Qxe7+ Nxe7 14. c3 Rd8 15. d4 Bb6 16. Be3 Bg4 17. Nd2 c5 18. dxc5 Rd3 19. Bd4 Bc7 20. O-O+ Kg8 21. Nf3 Rf8 22. Be5 Bxf3 23. Bxc7 Be2 24. Rxf8+ Kxf8 25. Kf2 Rd1 26. Rxd1 Bxd1 27. Ke3 Nc6 28. Kf4 Kf7 29. g4 Ke6 30. h4 h5 31. gxh5 Bxh5 32. b4 Be2 33. a4 a6 34. Kg5 Ne7 35. h5 Bd3 36. Kf4 Be2 37. Kg5 Bd3 38. Kf4 Ng8 39. Be5 Nf6 40. Bxf6 Kxf6 41. Ke3 Bf1 42. Kd4 Ke6 43. c4 Kd7 44. b5 Be2 45. c6+ Kc7 46. cxb7 Kxb7 47. bxa6+ Kxa6 48. c5 Bxh5 49. Kd5 Be8 50. c6 Kb6 51. a5+ Kc7 52. e5 Bxc6+ 53. Ke6 Bd7+ 54. Kd5 g5 55. a6 g4 56. e6 Bxe6+ 57. Kxe6 g3 0-1

[Event "Montreal Mercredi 05"]
[Site "Montreal CAN"]
[Date "2011.06.15"]
[Round "5"]
[White "Chen, Jianqiu"]
[Black "Weston, Paul"]
[Result "0-1"]
[WhiteElo "1761"]
[BlackElo "1870"]
[PlyCount "66"]
[GameId "2160767909704468"]
[EventDate "2011.05.18"]
[EventType "swiss"]
[EventRounds "5"]
[EventCountry "CAN"]
[SourceTitle "EXT 2022"]
[Source "ChessBase"]
[SourceDate "2021.10.06"]
[SourceVersion "1"]
[SourceVersionDate "2021.10.06"]
[SourceQuality "1"]

1. e4 e5 2. Nf3 Nc6 3. Bb5 a6 4. Ba4 Nf6 5. O-O Be7 6. Re1 b5 7. Bb3 d6 8. c3 O-O 9. d3 Nb8 10. Nbd2 Nbd7 11. Nf1 Nb6 12. Ng3 c5 13. d4 Qc7 14. d5 Bd7 15. Nh4 g6 16. Bh6 Ng4 17. Bxf8 Bxh4 18. h3 Nxf2 19. Kxf2 Rxf8 20. Bc2 f5 21. exf5 Bxf5 22. Bxf5 Rxf5+ 23. Kg1 Bxg3 24. Re4 Qf7 25. b3 Nxd5 26. Qd3 Bf2+ 27. Kh1 Nxc3 28. Qxc3 Bd4 29. Rxd4 exd4 30. Qg3 Rf1+ 31. Rxf1 Qxf1+ 32. Kh2 Qf6 33. Qg4 Qf8 0-1